000
00292nam a22001337a 4500
008
181217b xxu||||| |||| 00| 0 eng d
020
_a
0136008178
041
_a
eng
080
_a
610
100
_a
4
101
_a
SHM
245
_a
Moral Prolems in Medicine
_c
Gorovitz, S
942
_2
udc
_c
BK
999
_c
53311
_d
53311